LEADER 00940nam a2200229 i 4500 001 000000205776 003 CaOOAMICUS 005 20220627155955.0 008 110902s1964 it u000 u ita u 013 $a184514 040 $aSeMil$bita 245 00$aRapporto Warren sull'assassinio di Kennedy. 264 1$aMilano :$bRizzoli,$c1964. 300 $a525 p. ;$c19 cm. 500 $aSupplemento al n. 41 de L'Europeo dell'11 ottobre 1964. 650 4$aKennedy, John Fitzgerald <1917-1963> - Rapporto Warren.$0(OLS)http://semarc/subject/52513 650 4$aKennedy, John Fitzgerald <1917-1963> - Assassinio.$0(OLS)http://semarc/subject/38470 850 $aSeMil 852 $aSeMil$W1$xVenegono$y1$m3U I 309$j156270$B156270$CSeMilBibl$Z2$F167627 $81 996 $6245$aRapporto Warren sull'assassinio di Kennedy$9(OLS)http://semarc/title/297753 996 $6264$aMilano :$bRizzoli$9(OLS)http://semarc/publisher/29824 LEADER 00965nam a2200229 i 4500 001 000000102496 003 CaOOAMICUS 005 20160901000000.0 008 160901s2016 it u000 u ita u 013 $a74649 040 $aSeMil$bita 245 10$aNewton :$bla legge della gravitazione universale. La forza pił attrattiva dell'universo. 260 $aItalia :$bRBA,$ccopyr. 2016. 300 $a167 p. :$bill. ;$c24 cm. 490 0 $aGrandi idee della scienza ;$v3. 650 4$aGravitazione universale.$0(OLS)http://semarc/subject/18089 830 0$aGrandi idee della scienza ;$v3.$0(OLS)http://semarc/title/45140 850 $aSeMil 852 $aSeMil$W1$xVenegono$y1$m3X VI 112/3$j59005$B59005$CSeMilBibl$Z2$F70008 $81 961 $aOmaggio: Altro 996 $6245$aNewton :$bla legge della gravitazione universale. La forza pił attrattiva dell'universo$9(OLS)http://semarc/title/149171 996 $6260$aItalia :$bRBA$9(OLS)http://semarc/publisher/39577